Vplyv teórie sociálneho štátu na formovanie systému sociálneho zabezpečenia v Slovenskej republike bakalárska práca

Na minha lista:
Detalhes bibliográficos
Autor principal: Šavelová, Katarína
Autor Corporativo: Národohospodárska fakulta EU. Katedra financií
Outros Autores: Neubauerová, Erika, 1968-
Formato: Livro
Idioma:eslovaco
Publicado em: Bratislava 2009
Tags: Adicionar Tag
Sem tags, seja o primeiro a adicionar uma tag!

MARC

LEADER 00000nam$a2200000$$$4500
001 0103763
005 20240318141557.4
041 0 |a slo 
044 |a SK 
245 1 0 |a Vplyv teórie sociálneho štátu na formovanie systému sociálneho zabezpečenia v Slovenskej republike  |b bakalárska práca  |c Katarína Šavelová ; škol. Erika Neubauerová 
264 1 |a Bratislava  |c 2009 
300 |a 39 s. 
100 1 |a Šavelová, Katarína 
700 1 |a Neubauerová, Erika, 1968- 
710 2 |a Národohospodárska fakulta EU. Katedra financií